Dettagli MARC
| 000 -LEADER |
| fixed length control field |
01809njm a2200301Ia 4500 |
| 001 - CONTROL NUMBER |
| control field |
L1983 |
| 003 - CONTROL NUMBER IDENTIFIER |
| control field |
IT-RoPAU |
| 005 - DATE AND TIME OF LATEST TRANSACTION |
| control field |
20220918181154.0 |
| 008 - FIXED-LENGTH DATA ELEMENTS--GENERAL INFORMATION |
| fixed length control field |
131025s9999 xx 000 0 und d |
| 040 ## - CATALOGING SOURCE |
| Original cataloging agency |
IT-RoPAU |
| 040 ## - CATALOGING SOURCE |
| Transcribing agency |
IT-RoPAU |
| 999 ## - SYSTEM CONTROL NUMBERS (KOHA) |
| Koha Dewey Subclass [OBSOLETE] |
n.d. |
| 100 ## - MAIN ENTRY--PERSONAL NAME |
| Personal name |
AA.VV. |
| 9 (RLIN) |
794 |
| 100 ## - MAIN ENTRY--PERSONAL NAME |
| Relator term |
Autore musica |
| 9 (RLIN) |
33833 |
| 100 ## - MAIN ENTRY--PERSONAL NAME |
| Miscellaneous information |
Codice autore musica SPICS: 12000 |
| 9 (RLIN) |
796 |
| 245 ## - TITLE STATEMENT |
| Title |
Roy Haynes - Roaring Haynes |
| 250 ## - EDITION STATEMENT |
| Edition statement |
1a ed. |
| 260 ## - PUBLICATION, DISTRIBUTION, ETC. (IMPRINT) |
| Place of publication, distribution, etc. |
MILANO |
| 260 ## - PUBLICATION, DISTRIBUTION, ETC. (IMPRINT) |
| Name of publisher, distributor, etc. |
HACHETTE RUSCONI |
| Date of publication, distribution, etc. |
2006 [1a Ed.:0] |
| 300 ## - PHYSICAL DESCRIPTION |
| Extent |
COMPACT DISC |
| 300 ## - PHYSICAL DESCRIPTION |
| Dimensions |
75 minuti (Testo: 0 pag.) |
| 500 ## - GENERAL NOTE |
| General note |
Musica jazz. |
| 505 ## - FORMATTED CONTENTS NOTE |
| Formatted contents note |
I Hear A Rhapsody (Fragos, Baker, Gasparre, Willisau o Reutlingen settembre 1984, 6:36) - Blues M45 (C. Haden, New York 1994, 7:07) - Steps (C. Corea, Parigi luglio 1992, 7:14) - Lullaby of Birdland (G. Shearing, New York dicembre 1954, 3:59) - Mirror Mirror (C. Corea, Brooklyn maggio 1998, 6:19) - Minor Encamp (D. Jordan, Parigi ottobre 1954, 5:06) - Trio Improvisation 1 (Corea, Vitous, Haynes, Los Angeles novembre 1981, 3:16) - Whispering (Schonberger, Coburn, Rose, New York gennaio 1951, 3:03) - Yvette (G. Gryce, New York agosto 1951, 2:55) - Radio (S. Swallow, New Yrok gennaio 1978, 4:40) - Ding Dong (L. Young, New York giugno 1949, 2:24) - Barbados (C. Parker, New York marzo 2001, 5:02) - Dance of the Infidels (B. Powell, New York agosto 1949, 2:52) - Trinkle Tinle (T. Monk, New York dicembre 2002, 5:55) - Think of the One (T. Monk, Los Angeles novembre 1981, 4:19) - Repetition (N. Hefti, New York settembre 1950, 2:50). |
| 511 ## - PARTICIPANT OR PERFORMER NOTE |
| Participant or performer note |
Corea, Vitous, Haynes, Metheny, Kikoski, Mcbride, Hargrove |
| 650 ## - SUBJECT ADDED ENTRY--TOPICAL TERM |
| Topical term or geographic name as entry element |
JAZZ [COMPACT DISC] |
| Relator term |
Codice MATERIA SPICS: 9949 |
| 9 (RLIN) |
11822 |
| 700 ## - ADDED ENTRY--PERSONAL NAME |
| Personal name |
AA.VV. |
| Miscellaneous information |
Codice interprete SPICS: 12000 |
| Relator term |
Interprete |
| 9 (RLIN) |
33834 |
| 942 ## - ADDED ENTRY ELEMENTS (KOHA) |
| Koha item type |
CD AUDIO |
| Source of classification or shelving scheme |
Dewey Decimal Classification |